000 00676nam a22002057a 4500
999 _c10388
_d10388
003 AR-CdUCM
008 190401b ||||| |||| 00| 0 spa d
040 _aMUNICIPALIDAD PROVINCIAL DEL CUSCO
_cBIBLIOTECA MUNICIPAL DEL CUSCO
082 _23ed.
_aES / 800 /
_bP71
245 _aAlfonso X :
_bEl Sabio /
260 _aBarcelona :
_bAraluce ;
_c1955.
300 _a146 páginas ;
_c15cm
_bIlustraciones
440 _aPáginas Brillantes de la Historia
_927209
505 _aContenido: Novela
650 _aNovela
_9572
650 _aLiteratura juvenil
_91580
700 _aPoch Noguer, José (relato de su vida sin paralelo)
_927210
942 _2ddc
_cLIBROS
945 _anom